Los medios y su mirada sobre la infancia y la adolescencia /

A mediados del siglo XX, la infancia y la adolescencia comenzaron a ser consideradas por la sociedad de forma especial, con sus propios derechos y legislaciones, que las amparan y potencian. Desde los medios de comunicación, se construyó también una nueva forma de abordar estas etapas.

Guardado en:
Autor Principal: Busaniche, Gisela
Autor Corporativo: Canal Encuentro.
Formato: Deslizar
Publicado: Argentina, 2009
Series:En el Medio - I
Materias:
Etiquetas: Agregar Etiqueta
Sin Etiquetas, Sea el primero en etiquetar este registro!
LEADER 01177ngm a22002895g 4500
001 CEM.cems023474
008 130507s2009##################0###0#####d
005 20250408165046.0
245 1 0 |a Los medios y su mirada sobre la infancia y la adolescencia /  |c Gisela Busaniche. 
260 |a Argentina,  |c 2009 
300 |a 29'. 
490 0 |a En el Medio - I 
520 |a A mediados del siglo XX, la infancia y la adolescencia comenzaron a ser consideradas por la sociedad de forma especial, con sus propios derechos y legislaciones, que las amparan y potencian. Desde los medios de comunicación, se construyó también una nueva forma de abordar estas etapas. 
538 |a Soporte: DVD - Color: Si - Grabación DRD. 
590 |a Identificación anterior registrada en SIABUC: D89A. 
500 |a Consultar en ventanilla. 
100 1 |a Busaniche, Gisela 
710 2 |a Canal Encuentro. 
082 0 7 |/ BUS-1 
653 |a MEDIOS 
653 |a MEDIOS DE COMUNICACION 
653 |a PERIODISMO 
653 |a PRENSA 
653 |a INFANCIA 
653 |a ADOLESCENCIA 
653 |a SERIE DE TELEVISIÓN 
859 |a CEMS  |b BIB. CEMS - Depto. Recursos Didacticos  |h 070  |i BUS-1  |k DRD  |p 2117.15  |t Ej.1